Early Japanese history ...

Saved in:
Bibliographic Details
Main Author: Reischauer, Robert Karl
Format: Book
Language:Undetermined
Published: Princeton,,London Princeton University Press;,H. Milford, Oxford University Press, 1937
Subjects:
Tags: Add Tag
No Tags, Be the first to tag this record!
Institutions: Trung tâm Học liệu Trường Đại học Cần Thơ
LEADER 00557nam a2200193Ia 4500
001 CTU_115246
008 210402s9999 xx 000 0 und d
082 |a 952 
082 |b R375/P. A 
100 |a Reischauer, Robert Karl 
245 0 |a Early Japanese history ... 
245 0 |c Robert Karl Reischauer 
260 |a Princeton,,London 
260 |b Princeton University Press;,H. Milford, Oxford University Press, 
260 |c 1937 
650 |a Japan 
650 |x History 
904 |i Năm 
980 |a Trung tâm Học liệu Trường Đại học Cần Thơ